000 00396pab a2200145 454500
008 180718b1988 xxu||||| |||| 00| 0 eng d
100 _aDeGregorio, Christine
245 _aProfessionals in the U.S. Congress an analysis of working styles
260 _c1988
300 _a459-70
362 _aNov.
650 _aLegislators - U.S.A.
773 _aLegislative Studies Quarterly
909 _a12588
999 _c12588
_d12588